zpět

Detail výsledku týmu

Baarovka, České Budějovice

Datum a čas kvízu

32 Celkem bodů Celkový počet nahraných bodů na tomto kvízu bez doplňovacích otázek.
8. Pořadí na kvízu Konečné umístění týmu na tomto kvízu.

Zaznamenané odpovědi

# Otázka Odpověď Body Výsledky
1. Provoz a výrobu v rafinérii v... Litvínov 1
2. V jedné africké zemi byl nalez... v Botswaně 0
3. Animovaný seriál Bob a Bobek –... Hádkovi 1
4. Ve čtvrtek byla zahájena naše... České Budějovice, 50. ročník 1
5. Při fotbalovém zápase peruánsk... močil (u rohového praporku) 1
6. Historie Texasu je těsně spoje... San Antonio 0
7. Jak se jmenuje řeka, která tvo... Rio Grande (Rio Bravo) 0
8. V jižním cípu Texasu se nacház... Boca Chica 0
9. Jak se jmenuje severní soused... Oklahoma 1
10. Mezi několik známých osobností... Eva Longoria, Zoufalé manželky 1